000 00305nam a22001217a 4500
008 180518b xxu||||| |||| 00| 0 eng d
041 _aeng
080 _a043.3
100 _a0
101 _aMBE-BA
245 _aNdikimi i Perdorimit te Formave te Marketingut modern ne Kosove
_cGashi, M
942 _2udc
_cBK
999 _c45954
_d45954